书目信息 |
| 题名: |
Excel 2010函数与公式综合应用技巧
|
|
| 作者: | ;雏志资讯 编著 | |
| 分册: | ||
| 出版信息: | 北京 人民邮电出版社 2016 |
|
| 页数: | 303页 | |
| 开本: | 26cm | |
| 丛书名: | ||
| 单 册: | ||
| 中图分类: | TP391.13 | |
| 科图分类: | ||
| 主题词: | 表处理软件--基本知识 | |
| 电子资源: | ||
| ISBN: | 978-7-115-40020-8 | |
| 000 | 01092nam0 2200229 450 | |
| 001 | 3309 | |
| 005 | 20160926085754.10 | |
| 010 | @a978-7-115-40020-8@b平装@dCNY49.00 | |
| 100 | @a20160216d2016 em y0chiy50 ea | |
| 101 | 0 | @achi |
| 102 | @aCN@b110000 | |
| 105 | @ay z 000yy | |
| 200 | 1 | @aExcel 2010函数与公式综合应用技巧@9Excel 2010 han shu yu gong shi zong he ying yong ji qiao@e双色精华版@f雏志资讯编著 |
| 210 | @a北京@c人民邮电出版社@d2016 | |
| 215 | @a303页@d26cm | |
| 330 | @a本书精选了日常办公中常用的Excel函数进行讲解。全书共11章,前两章为公式与函数基础知识介绍,包括公式创建、复制、错误值分析与处理等方面的技巧,为后面的学习做铺垫;第3-11章介绍了逻辑函数、数学与三角函数、时间与日期函数、文本函数、查找和引用函数、信息函数、统计函数、财务函数、数据库函数等9类共540个函数的使用技巧,每个函数都辅以实例进行讲解,力求向读者展示Excel函数在数据计算、处理和分析方面的强大功能。 | |
| 606 | 0 | @a表处理软件@x基本知识 |
| 610 | 0 | @aExcel |
| 690 | @aTP391.13@v5 | |
| 711 | 02 | @a雏志资讯@9chu zhi zi xun@4编著 |
| 801 | 0 | @aCN@b唐山师范学院图书馆@c20151001 |
| 905 | @aZUCC@dTP391.13@e1003 | |
| Excel 2010函数与公式综合应用技巧:双色精华版/雏志资讯编著.-北京:人民邮电出版社,2016 |
| 303页;26cm |
| ISBN 978-7-115-40020-8(平装):CNY49.00 |
| 本书精选了日常办公中常用的Excel函数进行讲解。全书共11章,前两章为公式与函数基础知识介绍,包括公式创建、复制、错误值分析与处理等方面的技巧,为后面的学习做铺垫;第3-11章介绍了逻辑函数、数学与三角函数、时间与日期函数、文本函数、查找和引用函数、信息函数、统计函数、财务函数、数据库函数等9类共540个函数的使用技巧,每个函数都辅以实例进行讲解,力求向读者展示Excel函数在数据计算、处理和分析方面的强大功能。 |
| ● |
| 相关链接 |
|
|
|
|
正题名:Excel 2010函数与公式综合应用技巧
索取号:TP391.13/1003
 
预约/预借
| 序号 | 登录号 | 条形码 | 馆藏地/架位号 | 状态 | 备注 |
| 1 | 904543 | 209045433 | 第二样本阅览室/ [索取号:TP391.13/1003] | 在馆 | |
| 2 | 904544 | 209045442 | 第三借阅区/ [索取号:TP391.13/1003] | 在馆 | |
| 3 | 904545 | 209045451 | 第三借阅区/ [索取号:TP391.13/1003] | 在馆 | |
| 4 | 904546 | 209045460 | 第三借阅区/ [索取号:TP391.13/1003] | 在馆 | |
| 5 | 904547 | 209045479 | 密集书库—计算机科学学院/ [索取号:TP391.13/1003] | 在馆 |